Biotechnológia rastlinných bunkových kultúr : Obh. 12.6.1995 /

Saved in:
Bibliographic Details
Main Author: Matúšová, Eva (Author)
Format: Manuscript Book
Language:Slovak
Published: Bratislava : STU v Bratislave ChtF, 1995
Tags: Add Tag
No Tags, Be the first to tag this record!

MARC

LEADER 00000ntm a22000003a 4500
001 stu23366
005 20150617225747.6
008 950622s1995----xo------------------slo-d
040 |a STU  |b slo 
041 0 |a slo 
044 |a xo 
100 1 |a Matúšová, Eva  |4 aut 
245 1 |a Biotechnológia rastlinných bunkových kultúr :  |b Obh. 12.6.1995 /  |c [aut.]Matúšová,Eva 
260 |a Bratislava :  |b STU v Bratislave ChtF,  |c 1995 
300 |a 73 s :  |b Obr.,tab.,grafy,lit 
500 |a Špec.: Biotechnológia 
996 |b CD11955  |c C*D11955  |l CCI  |s A  |a 24  |w stu23366_0001